000 00787nam a22001817a 4500
999 _c371632
_d371632
008 201127b ||||| |||| 00| 0 eng d
040 _aDE-2950
_bger
_cDE-2950
_erda
041 _ager
245 _aMozarts Requiem und Wagners Ring.
_bFestival: Die Musikfesttage an der Oder eröffnen am 28. Mai mit Star-Dirigent Lukasz Borowicz un der Philharmonie Poznan in der Frankfurter Konzerthalle. Auch Stücke von Xaver Scharwenka stehen auf dem Programm /
_cred.
264 _c2022
653 _aFrankfurt (Oder)
653 _aMusikfesttage 2022
773 _dFrankfurt (Oder) Märkisches Verlags- und Druckhaus GmbH & Co KG
_tMärkische Oderzeitung
_g33. Jahrgang (2022) Nr. 117 vom 20.05.2022, S. 17
942 _cA